1013 1339 1491 1566 1282 1693 1647 1114 1006 1094 1968 1155 1468 1892 1692 1168 1863 1789 1527 1788 1232 1082 1235 1699 1592 1300 1434 1901 1029 1285 1606 1427 1961 1822 1570 1297 1089 1681 1577 1567 1172 1728 1322 1508 1422 1072 1246 1495 1715 1694 1927 1086 1370 1340 1147 1115 1774 1927 1472 1447 1228 1922 1018 1681 1734 1017 1365 1676 1872 1682 1923 1340 1640 1793 1703 1006 1760 1405 1344 1512 1461 1739 1634 1560 1431 1526 1038 1050 1133 1791 1083 1767 1726 1622 1258 1148 1664 1545 1302 BCNSPRNW ULIB Ver.6.0+V

เปลี่ยนเป็นภาษาไทย

Change to English
 แสดงรายละเอียดบรรณานุกรม
  กลับหน้าหลัก

Brief Record : Get Marc (ISO 2709) : E-mail record : QR code < ปิดหน้าต่าง
LEADER : 00000nam 2200000uu 4500
001    13399129106
003     ULIB
008    020711s2566 th a 000 0 tha d
020    ^a9786164874831
050    ^aT385^bด211ส
100    ^aดวงพร เกี๋ยงคำ
245    ^aสร้างงาน DESIGN ง่าย ๆ ใช้ได้ทุก MEDIA ด้วย CANVA/^cดวงพร เกี๋ยงคำ
250    ^aพิมพ์ครั้งที่ 3
260    ^aนนทบุรี :^bบริษัท ไอดีซี พรีเมียร์ จำกัด,^c2566
300    ^a448 หน้า;^c21 ซม.
650    ^aCANVA(โปรแกรมคอมพิวเตอร์)
945    ^p480^l0^i011863
999    ^aประนอม เกษจรัล
รายการนี้ยังไม่มีแท็ก
คุณยังไม่ได้ล็อกอิน คุณสามารถมีกิจกรรมร่วมกับเว็บไซต์ได้ แต่ต้องล็อกอินก่อน ::
  ล็อกอิน

รายการสื่อสารสนเทศ

ลำดับที่ ประเภท เลขเรียก/บาร์โค้ด สถานที่ สถานะ
1. การศึกษาทั่วไป
การศึกษาทั่วไป
T385 ด211ส ฉ.1 
  Barcode: 011863
ห้องสมุดวิทยาเขตสวรรค์ประชารักษ์
►หนังสือทั่วไป
บนชั้น

รายการใกล้เคียง
    ผู้แต่ง [ดวงพร เกี๋ยงคำ]

BibComment


ยังไม่เคยถูกคอมเมนท์

คอมเมนท์ทรัพยากรรายการนี้
  คอมเมนท์: สร้างงาน DESIGN ..


 Copyright 2026. Bcnsprnw @Library